NBA Best Offensive Teams per Year (1980 - 1999) - Statistics

General Stats
  • This quiz has been taken 46 times
  • The average score is 32 of 67
Answer Stats
Giannis Antetokounmpo % Correct
Shaquille O'Neal
100%
Charles Barkley
98%
Magic Johnson
98%
Dennis Rodman
95%
Michael Jordan
95%
Scottie Pippen
95%
Chris Mullin
93%
Kareem Abdul-Jabbar
93%
Kevin Johnson
93%
Steve Johnson
93%
Alex English
90%
Chris Webber
90%
Ron Harper
90%
Clyde Drexler
88%
James Worthy
88%
Luc Longley
85%
Penny Hardaway
85%
Tim Hardaway
85%
George Gervin
83%
Jason Williams
83%
Reggie Williams
83%
Rob Williams
83%
Horace Grant
78%
Byron Scott
75%
Vlade Divac
75%
Nick Anderson
68%
Fat Lever
65%
A.C. Green
58%
Eddie Jones
58%
Nick Van Exel
58%
Mitch Richmond
55%
Rick Fox
55%
Dan Majerle
50%
Kurt Rambis
50%
Robert Horry
43%
Terry Porter
43%
Tom Chambers
40%
Wayne Cooper
40%
Dan Issel
38%
Mark West
33%
Tyrone Hill
30%
Cedric Ceballos
28%
Kiki Vandeweghe
28%
Michael Adams
23%
Corliss Williamson
15%
Jeff Hornacek
15%
Kenny Carr
10%
Blair Rasmussen
8%
Larry Kenon
8%
Orlando Woolridge
8%
Tariq Abdul-Wahad
8%
T.R. Dunn
8%
Calvin Natt
5%
Danny Schayes
5%
Armen Gilliam
3%
Billy McKinney
3%
Billy Owens
3%
Donald Royal
3%
Glen Gondrezick
3%
Joe Wolf
3%
Kenny Higgs
3%
Kevin Restani
3%
Mario Elie
3%
Mike Evans
3%
Paul Griffin
3%
Terry Teagle
3%
Uwe Blab
3%
No matching quizzes found
Score Distribution
Percent of People with Each Score
Percentile by Number Answered
Your Score History
You have not taken this quiz